[Event "Krasnoyarsk-ch"]
[Site "Krasnoyarsk"]
[Date "2012.02.09"]
[Round "9"]
[White "Pakhomov, Denis"]
[Black "Tegay, Sergey"]
[Result "1/2-1/2"]
[WhiteElo "2059"]
[BlackElo "2207"]
[PlyCount "107"]
[EventDate "2012.02.01"]
[EventType "tourn"]
[EventRounds "9"]
[EventCountry "RUS"]
[SourceTitle "EXT 2013"]
[Source "ChessBase"]
[SourceDate "2012.11.22"]
[SourceVersion "1"]
[SourceVersionDate "2012.11.22"]
[SourceQuality "1"]

1. d4 Nf6 2. Nf3 d5 3. Bg5 Ne4 4. Bh4 c5 5. e3 Nc6 6. c3 Qb6 7. Qb3 Qxb3 8. axb3 cxd4 9. exd4 Bg4 10. Nbd2 Nxd2 11. Nxd2 e6 12. f3 Bf5 13. Bb5 Kd7 14. b4 Bd6 15. Bg3 a6 16. Bxc6+ Kxc6 17. Bxd6 Kxd6 18. Nb3 b6 19. Kd2 h5 20. Ra3 Kc6 21. Rha1 Kb5 22. Ke3 h4 23. Nd2 Rhc8 24. Rc1 Kc6 25. b3 Kb7 26. c4 f6 27. c5 Bg6 28. Nb1 a5 29. bxa5 Bxb1 30. Rxb1 bxc5 31. dxc5 Rxc5 32. b4 Rb5 33. Kd3 Rc8 34. Rc3 Rd8 35. Kc2 Ra8 36. Ra3 Rc8+ 37. Rc3 Ra8 38. Kb3 Raxa5 39. Rbc1 Ra7 40. Rc8 e5 41. Rh8 Ra8 42. Rxh4 Rd8 43. Rh7 Rd7 44. h4 d4 45. h5 Rbd5 46. Kc2 Rc7+ 47. Kd2 Rdd7 48. Rxc7+ Rxc7 49. g4 Kb6 50. h6 gxh6 51. Rxh6 Rc6 52. Rg6 Kb5 53. g5 fxg5 54. Rxg5 1/2-1/2

[Event "Krasnoyarsk-ch"]
[Site "Krasnoyarsk"]
[Date "2012.02.04"]
[Round "4"]
[White "Pakhomov, Denis"]
[Black "Khegay, Dmitriy"]
[Result "0-1"]
[WhiteElo "2059"]
[BlackElo "2200"]
[PlyCount "92"]
[EventDate "2012.02.01"]
[EventType "tourn"]
[EventRounds "9"]
[EventCountry "RUS"]
[SourceTitle "EXT 2013"]
[Source "ChessBase"]
[SourceDate "2012.11.22"]
[SourceVersion "1"]
[SourceVersionDate "2012.11.22"]
[SourceQuality "1"]

1. d4 d5 2. Nf3 Nf6 3. Bg5 Ne4 4. Bh4 c5 5. e3 Qb6 6. Qc1 Nc6 7. c3 Bg4 8. Nbd2 Nxd2 9. dxc5 Qxc5 10. Qxd2 e6 11. Be2 Be7 12. Bxe7 Qxe7 13. Nd4 Bxe2 14. Nxc6 Qc7 15. Qxe2 Qxc6 16. h4 Rc8 17. Qg4 0-0 18. h5 h6 19. Rh3 Qc4 20. Qf3 Qb5 21. 0-0-0 Rc4 22. Rg3 Kh8 23. Rd4 Rxd4 24. exd4 Qd7 25. Qg4 Rg8 26. Qf4 b5 27. Rf3 Rf8 28. g4 Qe7 29. Rg3 Qh4 30. Kc2 f5 31. Qd6 Rf6 32. Qd8+ Kh7 33. gxf5 Qxh5 34. Qd7 Qxf5+ 35. Kb3 Rf7 36. Qxb5 Qxf2 37. Qd3+ Qf5 38. Qxf5+ exf5 39. c4 f4 40. Rg1 f3 41. cxd5 g5 42. Kc4 f2 43. Rf1 g4 44. Kd3 g3 45. Ke2 Kg6 46. d6 g2 0-1

[Event "Krasnoyarsk Marchko Memorial"]
[Site "Krasnoyarsk"]
[Date "2010.12.19"]
[Round "3"]
[White "Keosidi, Konstantin"]
[Black "Pakhomov, Denis"]
[Result "1-0"]
[WhiteElo "2377"]
[BlackElo "2068"]
[PlyCount "45"]
[EventDate "2010.12.17"]
[EventType "tourn"]
[EventRounds "9"]
[EventCountry "RUS"]
[SourceTitle "CBM 140 Extra"]
[Source "ChessBase"]
[SourceDate "2011.03.01"]
[SourceVersion "1"]
[SourceVersionDate "2011.03.01"]
[SourceQuality "1"]

1. e4 c5 2. Nc3 Nc6 3. Bb5 g6 4. Bxc6 dxc6 5. d3 Bg7 6. f4 Nf6 7. Nf3 0-0 8. 0-0 Qc7 9. Qe1 Nh5 10. f5 Nf6 11. Qh4 gxf5 12. Bh6 Bxh6 13. Qxh6 f4 14. e5 Nd5 15. Nxd5 cxd5 16. Qxf4 Qd7 17. Qg5+ Kh8 18. Qh6 Rg8 19. Ng5 Rxg5 20. Rxf7 Rxg2+ 21. Kxg2 Qg4+ 22. Kh1 Bf5 23. Rf8+ 1-0

[Event "Krasnoyarsk op"]
[Site "Krasnoyarsk"]
[Date "2009.10.10"]
[Round "10"]
[White "Pakhomov, Denis"]
[Black "Avdeenko, Tatiana"]
[Result "0-1"]
[WhiteElo "2082"]
[BlackElo "2154"]
[PlyCount "50"]
[EventDate "2009.10.01"]
[EventType "swiss"]
[EventRounds "11"]
[EventCountry "RUS"]
[SourceTitle "EXT 2010"]
[Source "ChessBase"]
[SourceDate "2010.11.25"]
[SourceVersion "1"]
[SourceVersionDate "2010.11.25"]
[SourceQuality "1"]

1. Nf3 d6 2. d4 Nf6 3. g3 Nbd7 4. Bg2 e5 5. c4 Be7 6. 0-0 c6 7. Nc3 0-0 8. Qc2 a6 9. Rd1 Qc7 10. a4 a5 11. h3 Re8 12. Be3 Bf8 13. Rac1 exd4 14. Nxd4 g6 15. Rd2 Nc5 16. Rcd1 Rxe3 17. fxe3 Bh6 18. Ndb5 cxb5 19. Rxd6 Be6 20. Kh2 Bf5 21. Nxb5 Qxd6 22. Rxd6 Bxc2 23. Rxf6 Kg7 24. Rf1 Bxa4 25. Nd6 f6 0-1

[Event "Krasnoyarsk op"]
[Site "Krasnoyarsk"]
[Date "2009.10.07"]
[Round "7"]
[White "Piskunov, Alexandr"]
[Black "Pakhomov, Denis"]
[Result "1-0"]
[WhiteElo "2099"]
[BlackElo "2082"]
[PlyCount "120"]
[EventDate "2009.10.01"]
[EventType "swiss"]
[EventRounds "11"]
[EventCountry "RUS"]
[SourceTitle "EXT 2010"]
[Source "ChessBase"]
[SourceDate "2010.11.25"]
[SourceVersion "1"]
[SourceVersionDate "2010.11.25"]
[SourceQuality "1"]

1. e4 e5 2. Nf3 Nc6 3. Be2 g6 4. 0-0 Bg7 5. c3 Nf6 6. d3 0-0 7. b4 d6 8. Nbd2 h6 9. Bb2 Qe7 10. Qc2 Nh5 11. Rfe1 Nf4 12. Bf1 Bg4 13. a4 Rae8 14. h3 Bc8 15. b5 Nb8 16. d4 Nd7 17. g3 Ne6 18. h4 f6 19. Nc4 Nd8 20. Ba3 Kh8 21. Ne3 Nb8 22. Bg2 Be6 23. a5 Rg8 24. Nd2 Bf8 25. Rab1 Qf7 26. b6 axb6 27. axb6 c6 28. d5 cxd5 29. exd5 Bd7 30. Ne4 f5 31. Nxd6 Bxd6 32. Bxd6 Na6 33. Nc4 e4 34. Qd2 Kh7 35. f3 exf3 36. Bxf3 f4 37. Bxf4 Nc5 38. Nd6 Rxe1+ 39. Rxe1 Qf6 40. Qe3 Na4 41. c4 Qf8 42. Qe7+ Qxe7 43. Rxe7+ Rg7 44. Rxg7+ Kxg7 45. Be5+ Kf8 46. Bd4 Ke7 47. Ne4 Bf5 48. c5 Kd7 49. g4 Bxe4 50. Bxe4 g5 51. hxg5 hxg5 52. Bc2 Nxb6 53. cxb6 Kd6 54. Be4 Nf7 55. Kf2 Nh6 56. Bf3 Kd7 57. Ke3 Kd6 58. Ke4 Kd7 59. Bc5 Kd8 60. Ke5 Kd7 1-0

[Event "Krasnoyarsk op"]
[Site "Krasnoyarsk"]
[Date "2009.10.04"]
[Round "4"]
[White "Pakhomov, Denis"]
[Black "Galmakova, Kristina"]
[Result "1-0"]
[WhiteElo "2082"]
[BlackElo "2042"]
[PlyCount "49"]
[EventDate "2009.10.01"]
[EventType "swiss"]
[EventRounds "11"]
[EventCountry "RUS"]
[SourceTitle "EXT 2010"]
[Source "ChessBase"]
[SourceDate "2010.11.25"]
[SourceVersion "1"]
[SourceVersionDate "2010.11.25"]
[SourceQuality "1"]

1. Nf3 d5 2. g3 e6 3. Bg2 f5 4. 0-0 Nf6 5. b3 Bd6 6. Bb2 0-0 7. d3 Nbd7 8. Nbd2 e5 9. e4 dxe4 10. dxe4 Nxe4 11. Nxe4 fxe4 12. Qd5+ Kh8 13. Qxe4 Nf6 14. Qh4 Ng4 15. Qxd8 Rxd8 16. h3 Nf6 17. Nxe5 Rf8 18. g4 c6 19. Rad1 Bc5 20. g5 Nh5 21. Nd7 Bxd7 22. Rxd7 Rad8 23. Rxd8 Rxd8 24. Be5 Rd2 25. Bf3 1-0

[Event "Krasnoyarsk op"]
[Site "Krasnoyarsk"]
[Date "2009.10.01"]
[Round "1"]
[White "Dobrovolskiy, Roman"]
[Black "Pakhomov, Denis"]
[Result "1-0"]
[WhiteElo "2173"]
[BlackElo "2082"]
[PlyCount "29"]
[EventDate "2009.10.01"]
[EventType "swiss"]
[EventRounds "11"]
[EventCountry "RUS"]
[SourceTitle "EXT 2010"]
[Source "ChessBase"]
[SourceDate "2010.11.25"]
[SourceVersion "1"]
[SourceVersionDate "2010.11.25"]
[SourceQuality "1"]

1. e4 c5 2. Nc3 g6 3. g3 Bg7 4. Bg2 e6 5. d3 Ne7 6. Be3 Qa5 7. Qd2 Nbc6 8. Bh6 0-0 9. h4 d5 10. h5 Re8 11. Bxg7 Kxg7 12. hxg6 hxg6 13. Qh6+ Kf6 14. 0-0-0 d4 15. e5+ 1-0

[Event "Berdsk Maestro op 15th"]
[Site "Berdsk"]
[Date "2009.07.14"]
[Round "7"]
[White "Pakhomov, Denis"]
[Black "Altunin, Stanislav"]
[Result "1-0"]
[WhiteElo "2047"]
[BlackElo "2137"]
[PlyCount "135"]
[EventDate "2009.07.08"]
[EventType "swiss"]
[EventRounds "9"]
[EventCountry "RUS"]
[SourceTitle "EXT 2022"]
[Source "ChessBase"]
[SourceDate "2021.10.06"]
[SourceVersion "1"]
[SourceVersionDate "2021.10.06"]
[SourceQuality "1"]

1. e4 Nc6 2. Nf3 e6 3. d4 d5 4. Nc3 Nf6 5. e5 Ne4 6. a3 Nxc3 7. bxc3 Na5 8. Bd3 Be7 9. 0-0 Bd7 10. Nd2 c5 11. Qg4 g6 12. f4 c4 13. Be2 Ba4 14. Bd1 Qd7 15. Nf3 0-0-0 16. Ng5 Rdf8 17. Qh3 h6 18. Nf3 Nc6 19. Ne1 h5 20. Nf3 Bd8 21. Bd2 Ne7 22. Nh4 Nf5 23. Nxf5 exf5 24. Ra2 Be7 25. Be1 Qb5 26. Bf3 Rd8 27. Bh4 Rhe8 28. Bxe7 Rxe7 29. Qh4 Re6 30. Rc1 Qa5 31. Qe1 Rb6 32. Kf2 Bd7 33. Ke2 Be6 34. Kd2 Rd7 35. Rb1 Rc7 36. Rxb6 Qxb6 37. a4 Rc6 38. h4 Qd8 39. g3 Ra6 40. Qc1 Qe7 41. Qb1 Rb6 42. Qh1 Qd7 43. Qc1 a6 44. Qa3 Qc6 45. Qf8+ Kc7 46. Kc1 Qd7 47. Ra1 Qc6 48. Qe7+ Qd7 49. Qf8 Qc6 50. a5 Rb5 51. Ra2 Qd7 52. Ra1 Qd8 53. Qa3 Kb8 54. Kd2 Ka7 55. Ke3 Bc8 56. Bg2 f6 57. Bf3 g5 58. hxg5 fxg5 59. Bxh5 gxf4+ 60. gxf4 Qh4 61. Bf3 Qh2 62. Rc1 Qh4 63. Qf8 Bd7 64. Rh1 Qg3 65. Qd8 Rb2 66. Rc1 Ba4 67. Qxd5 Bxc2 68. Qc5+ 1-0

[Event "Berdsk Maestro op 15th"]
[Site "Berdsk"]
[Date "2009.07.10"]
[Round "3"]
[White "Lozhnikov, Vyacheslav"]
[Black "Pakhomov, Denis"]
[Result "1-0"]
[WhiteElo "2286"]
[BlackElo "2047"]
[PlyCount "85"]
[EventDate "2009.07.08"]
[EventType "swiss"]
[EventRounds "9"]
[EventCountry "RUS"]
[SourceTitle "EXT 2022"]
[Source "ChessBase"]
[SourceDate "2021.10.06"]
[SourceVersion "1"]
[SourceVersionDate "2021.10.06"]
[SourceQuality "1"]

1. d4 d5 2. Nf3 Nf6 3. c4 e6 4. g3 b6 5. cxd5 Nxd5 6. Bg2 Bb7 7. 0-0 Be7 8. Nc3 0-0 9. Nxd5 Bxd5 10. Qc2 c5 11. e4 Bb7 12. Be3 Na6 13. Rfd1 cxd4 14. Nxd4 Nb4 15. Qa4 Qe8 16. Qxe8 Rfxe8 17. a3 Nc6 18. e5 Nxd4 19. Bxb7 Rab8 20. Be4 Nb3 21. Rab1 Red8 22. Bc2 Na5 23. Rxd8+ Rxd8 24. Rd1 Rxd1+ 25. Bxd1 Nc4 26. Bd4 Bc5 27. Bc3 b5 28. Be2 Kf8 29. b4 Bb6 30. Bxc4 bxc4 31. a4 a6 32. Kg2 Ke7 33. f4 f5 34. exf6+ gxf6 35. g4 e5 36. fxe5 fxe5 37. Kf3 Bd4 38. Bxd4 exd4 39. Ke4 d3 40. Ke3 Kd6 41. g5 a5 42. bxa5 Kc5 43. a6 1-0

[Event "Krasnoyarsk-ch"]
[Site "Krasnoyarsk"]
[Date "2008.03.??"]
[Round "9"]
[White "Pakhomov, Denis"]
[Black "Dobrovolskiy, Roman"]
[Result "1/2-1/2"]
[WhiteElo "2062"]
[BlackElo "2177"]
[PlyCount "114"]
[EventDate "2008.03.??"]
[EventType "tourn"]
[EventRounds "11"]
[EventCountry "RUS"]
[SourceTitle "CBM 123 Extra"]
[Source "ChessBase"]
[SourceDate "2008.05.06"]
[SourceVersion "1"]
[SourceVersionDate "2008.05.06"]
[SourceQuality "1"]

1. d4 d6 2. c4 e5 3. Nf3 Nd7 4. Nc3 Ngf6 5. g3 c6 6. Bg2 Be7 7. 0-0 0-0 8. e4 a6 9. h3 Re8 10. Re1 Bf8 11. Qc2 b5 12. b3 Bb7 13. Bb2 g6 14. Rad1 exd4 15. Nxd4 b4 16. Na4 c5 17. e5 Bxg2 18. Kxg2 dxe5 19. Nf3 Qc7 20. Re2 Qc6 21. Bc1 e4 22. Nh2 Ne5 23. Be3 Rad8 24. Kg1 Qc8 25. Kg2 Rxd1 26. Qxd1 Rd8 27. Qa1 Ned7 28. Rd2 Qc6 29. Ng4 Nxg4 30. hxg4 Re8 31. Qd1 Ne5 32. Rd5 Nd3 33. Qa1 Bg7 34. Qh1 Bd4 35. Qh6 Ne1+ 36. Kf1 Nc2 37. Qf4 f6 38. Rd6 Qc7 39. Rxa6 Nxe3+ 40. fxe3 Qxf4+ 41. exf4 g5 42. Nb6 gxf4 43. gxf4 f5 44. gxf5 h5 45. Nd5 h4 46. Nf6+ Bxf6 47. Rxf6 Kh7 48. Rf7+ Kh6 49. f6 Kg6 50. Rg7+ Kf5 51. f7 Rf8 52. Rh7 Kg4 53. Kf2 h3 54. Ke3 Kg3 55. Rg7+ Kh4 56. Rh7+ Kg3 57. Rg7+ Kh4 1/2-1/2

[Event "Krasnoyarsk-ch"]
[Site "Krasnoyarsk"]
[Date "2008.03.??"]
[Round "10"]
[White "Pakhomov, Denis"]
[Black "Egorov, Nikolay B"]
[Result "1/2-1/2"]
[WhiteElo "2062"]
[BlackElo "2085"]
[PlyCount "109"]
[EventDate "2008.03.??"]
[EventType "tourn"]
[EventRounds "11"]
[EventCountry "RUS"]
[SourceTitle "CBM 123 Extra"]
[Source "ChessBase"]
[SourceDate "2008.05.06"]
[SourceVersion "1"]
[SourceVersionDate "2008.05.06"]
[SourceQuality "1"]

1. Nf3 Nf6 2. g3 g6 3. Bg2 Bg7 4. 0-0 0-0 5. d4 d6 6. c4 Nc6 7. Nc3 e5 8. h3 exd4 9. Nxd4 Nxd4 10. Qxd4 Ng4 11. Qd2 Ne5 12. b3 Rb8 13. Bb2 Be6 14. Rad1 Qd7 15. Kh2 Rbd8 16. f4 Nc6 17. Ne4 f6 18. Nc3 Ne7 19. Nd5 c6 20. Nxe7+ Qxe7 21. Ba3 c5 22. Bb2 Rfe8 23. e4 a6 24. g4 b5 25. f5 Bf7 26. g5 gxf5 27. gxf6 Bxf6 28. Bxf6 Qxf6 29. Rxf5 Qe6 30. Rdf1 Bg6 31. Rg5 h6 32. Rg4 Kh7 33. cxb5 axb5 34. Rf3 Bh5 35. Rf5 Bxg4 36. hxg4 Rg8 37. Qf4 Rg6 38. Rf7+ Kg8 39. Rf5 Kg7 40. Bf1 Rf6 41. Bxb5 Rxf5 42. gxf5 Qe5 43. Qxe5+ dxe5 44. a4 Ra8 45. Kg3 Kf6 46. Bc4 Kg5 47. Bd5 Ra7 48. Kh3 h5 49. Kg3 Ra6 50. Bc4 Ra7 51. Bd5 Rd7 52. Kh3 Ra7 53. Kg3 Ra6 54. Bc4 Ra7 55. Bd5 1/2-1/2